The Benefit of Christ : (Record no. 9857)
[ view plain ]
| 000 -LEADER | |
|---|---|
| fixed length control field | 01120cam a2200277 a 4500 |
| 001 - CONTROL NUMBER | |
| control field | 4732243 |
| 003 - CONTROL NUMBER IDENTIFIER | |
| control field | OSt |
| 005 - DATE AND TIME OF LATEST TRANSACTION | |
| control field | 20210204164612.0 |
| 008 - FIXED-LENGTH DATA ELEMENTS--GENERAL INFORMATION | |
| fixed length control field | 840424s1984 orua b 001 0 eng |
| 010 ## - LIBRARY OF CONGRESS CONTROL NUMBER | |
| LC control number | 84009282 |
| 020 ## - INTERNATIONAL STANDARD BOOK NUMBER | |
| International Standard Book Number | 0880700637 : |
| Terms of availability | $11.95 |
| 040 ## - CATALOGING SOURCE | |
| Original cataloging agency | DLC |
| Transcribing agency | DLC |
| Modifying agency | DLC |
| 050 00 - LIBRARY OF CONGRESS CALL NUMBER | |
| Classification number | BX2349 |
| Item number | V145B |
| 082 00 - DEWEY DECIMAL CLASSIFICATION NUMBER | |
| Classification number | 248.4/82 |
| Edition number | 19 |
| Item number | V145B |
| 245 04 - TITLE STATEMENT | |
| Title | The Benefit of Christ : |
| Remainder of title | living justified because of Christ's death / |
| Statement of responsibility, etc. | by Juan de Valdés and Don Benedetto ; abridged and edited by James M. Houston ; introduction by Leon Morris. |
| 260 ## - PUBLICATION, DISTRIBUTION, ETC. | |
| Place of publication, distribution, etc. | Portland, Or. : |
| Name of publisher, distributor, etc. | Multnomah Press, |
| Date of publication, distribution, etc. | c1984. |
| 300 ## - PHYSICAL DESCRIPTION | |
| Extent | xxxiii, 198 p. : |
| Other physical details | ill. ; |
| Dimensions | 22 cm. |
| 440 #0 - SERIES STATEMENT/ADDED ENTRY--TITLE | |
| Title | Classics of faith and devotion |
| 504 ## - BIBLIOGRAPHY, ETC. NOTE | |
| Bibliography, etc. note | Includes bibliography and indexes. |
| 650 #0 - SUBJECT ADDED ENTRY--TOPICAL TERM | |
| Topical term or geographic name entry element | Christian life |
| General subdivision | Catholic authors. |
| 700 1# - ADDED ENTRY--PERSONAL NAME | |
| Personal name | Houston, J. M. |
| Fuller form of name | (James Macintosh), |
| Dates associated with a name | 1922- |
| 700 12 - ADDED ENTRY--PERSONAL NAME | |
| Personal name | Valdés, Juan de, |
| Dates associated with a name | -1541. |
| Title of a work | Consideraciones divinas. |
| Form subheading | Selections. |
| Language of a work | English. |
| Date of a work | 1984. |
| 700 02 - ADDED ENTRY--PERSONAL NAME | |
| Personal name | Benedetto, |
| Titles and other words associated with a name | da Mantova, |
| Dates associated with a name | active 1534-1541. |
| Title of a work | Beneficio di Cristo. |
| Language of a work | English. |
| Date of a work | 1984. |
| 906 ## - LOCAL DATA ELEMENT F, LDF (RLIN) | |
| a | 7 |
| b | cbc |
| c | orignew |
| d | 1 |
| e | ocip |
| f | 19 |
| g | y-gencatlg |
| 942 ## - ADDED ENTRY ELEMENTS (KOHA) | |
| Source of classification or shelving scheme | Dewey Decimal Classification |
| Koha item type | Books |
| Withdrawn status | Lost status | Source of classification or shelving scheme | Damaged status | Not for loan | Collection code | Home library | Current library | Shelving location | Date acquired | Total Checkouts | Full call number | Barcode | Date last seen | Price effective from | Koha item type |
|---|---|---|---|---|---|---|---|---|---|---|---|---|---|---|---|
| Dewey Decimal Classification | Non-fiction | Harvest Mission College | Harvest Mission College | General Stacks | 09.02.2021 | 248.482 V145B | 011293 | 09.02.2021 | 09.02.2021 | Books |
